Tân từ điển thành ngữ Tiếng Việt

Сохранить в:
Библиографические подробности
Главный автор: Kiều Văn
Формат:
Язык:Undetermined
Опубликовано: Thành phố Hồ Chí Minh Giáo Dục 2005
Предметы:
Метки: Добавить метку
Нет меток, Требуется 1-ая метка записи!
Thư viện lưu trữ: Trung tâm Học liệu Trường Đại học Cần Thơ
LEADER 00590nam a2200193Ia 4500
001 CTU_92678
008 210402s9999 xx 000 0 und d
082 |a 495.9223 
082 |b K309 
100 |a Kiều Văn 
245 0 |a Tân từ điển thành ngữ Tiếng Việt 
245 0 |c Kiều Văn 
260 |a Thành phố Hồ Chí Minh 
260 |b Giáo Dục 
260 |c 2005 
650 |a Vietnam language 
650 |x Dictionaries 
904 |i Tuyến(sua so pl 495.92203 thanh 495.9223) 
980 |a Trung tâm Học liệu Trường Đại học Cần Thơ